00553nam a22001697a 450000500170000001000130001702000140003003500120004403700160005608200130007210000280008524500850011324600350019826000480023327000800028130000220036120220404161740.0 aUR-11504 c350.00a- aU-10059 bDBAD/PUBa- a8412Ist aا قبا ل آ صف  aد ستيا ب (شعر ی مجمو عہ)c ا قبا ل آ صف hا ر د و  bDastiyab (Urdu)aby Iqbal Asif aHyderabadbAl-Ansar Publicationsc2021 ء  a# 18-8-253/36/A,Jamal Colony,Riyasat Nagar,bHyderabade059k09391301192l- a200 صc22 Cm(Hb)